|
|
|
|
| LEADER |
00000nab#a22000007a#4500 |
| 001 |
arbauad029791 |
| 003 |
AR-BaUAD |
| 005 |
20250711112415.0 |
| 008 |
980204|||||||||###||||||b###|0###a|spa|| |
| 040 |
|
|
|a AR-BaUAD
|c AR-BaUAD
|b spa
|
| 100 |
|
|
|a Fuller, Samuel
|
| 245 |
|
|
|a What's the story? /
|c Samuel Fuller; Barbara ; ;
|
| 300 |
0 |
|
|b fot.
|
| 653 |
|
|
|a CINE
|
| 653 |
|
|
|a LARGOMETRAJES
|
| 653 |
|
|
|a DIRECTORES DE CINE
|
| 653 |
|
|
|a ESTADOS UNIDOS
|
| 653 |
|
|
|a FULLER, SAMUEL
|
| 653 |
|
|
|a FILMOGRAFIAS
|
| 700 |
1 |
|
|a , Barbara
|
| 700 |
1 |
|
|a ,
|
| 773 |
0 |
|
|t CAHIERS DU CINEMA
|g no. 519 [dic. 1997], p. 51-57
|
| 942 |
|
|
|c ARTI
|
| 952 |
|
|
|0 0
|1 0
|4 0
|7 0
|9 74710
|a AR-BAuAD
|b AR-BAuAD
|d 2025-07-11
|l 0
|p AAQA029791
|r 2025-07-11 11:24:15
|w 2025-07-11
|y ARTI
|
| 990 |
|
|
|a C199
|b TD
|
| 998 |
|
|
|a AAQ
|b BIBUN76
|
| 999 |
|
|
|c 54383
|d 54383
|